| 000 | 00343cam a22001217a 4500 | ||
|---|---|---|---|
| 008 | 180718b1960 xxu||||| |||| 00| 0 eng d | ||
| 082 | _aT111 W157 | ||
| 100 | _aWallich, Henry C. | ||
| 245 |
_aThe cost of freedom : a new look at capitalism _cby Henry C. Wallich |
||
| 260 |
_aNew York _bHarper _c1960 |
||
| 300 | _ax,178p. | ||
| 650 | _aCapitalism | ||
| 999 |
_c433948 _d433948 |
||